000 00492cam a2200193ua 4500
001 11269
008 190905n ii |||gr||||Z||||||eng
020 _a9789387472815
040 _cMAIN
041 _aeng
082 _a658.3
100 _aBiswajeet Pattanayak,
_eAuthor.
245 _aHuman resource management
_cBy Biswajeet Pattanayak
250 _a5th ed.
260 _aDelhi:
_bPHI learning private limited,
_c2018.
300 _a718p.
653 _aGeneral management
942 _cBK
999 _c10128
_d10128